000 00529nam a2200145 a 4500
008 120416s1969 ||||||||||||||||| || u
050 _aBF 121 Kol
100 _aKolasa, Blair John
245 1 0 _aIntroduction to behavioral science for business
260 _aNew York
_bJohn Wiley and Sons
_c1969
300 _axviii, 654p. : ill.
350 _a0.00
650 _aPHILOSOPHY
995 _D0.00
_FCBU-MAIN LIBRARY (Kitwe)
_H1
_I14.95
_UAVAILABLE
_ZMain Library Open Access Collection
999 _c47620
_d47620